000 00600nam a22002057a 4500
005 20251108165156.0
008 250721s1991 xx 000 0 ara d
082 1 4 _a575.0162/دار
100 1 _aشايفيل، ف ...
245 1 0 _aالداروينيه اليوم /
264 1 _aدمشق :
_bدار الحكمة للطباعة و النشر،
_c1991.
300 _a158ص
650 1 7 _aالإنسان
650 1 7 _aالآثار
650 1 7 _aالتطور
650 1 7 _aنظرية التطور
700 1 _aعرنوق، لطيفة ديب
_eترجمة
942 _2ddc
_cBK
999 _c21313
_d21313